| 000 | 00336nam a22001337a 4500 | ||
|---|---|---|---|
| 082 |
_a813.54 _bSUB |
||
| 100 | _a Subond, Valerie | ||
| 245 | _aHouse at Haunted Inlet | ||
| 260 |
_aNew York: _bAvalon Books; _c1978. |
||
| 300 | _a184p. | ||
| 563 | _aHB | ||
| 650 |
_aFiction, _achildren stories _9117986 |
||
| 942 |
_2ddc _cCHILD_SEC |
||
| 999 |
_c603112 _d603112 |
||